000
00337nam a2200145Ia 4500
005
20240807062149.0
008
240806s9999||||xx |||||||||||||| ||eng||
041
_a
eng
100
_a
Kramrisch Stella
245
4
_a
The hindu temple vol-2 /
260
_b
Motilal Pub. New Del.
300
_a
249
650
_a
Anc. History
942
_c
BK
999
_c
10418
_d
10418